[Event "44th Chess Olympiad Open 2022"]
[Site "Chennai"]
[Date "2022.07.29"]
[Round "1.18"]
[White "Zilleruelo Irizarry, Diego"]
[Black "Michalik, Peter"]
[Result "1/2-1/2"]
[WhiteElo "2081"]
[BlackElo "2559"]
[Annotator "TA"]
[PlyCount "90"]
[EventDate "2022.07.29"]
[EventType "team-tourn"]
[EventCountry "IND"]
[SourceTitle "playchess.com"]
[Source "ChessBase"]
[SourceQuality "1"]
[WhiteTeam "Puerto Rico"]
[BlackTeam "Czech Republic"]
[WhiteTeamCountry "PUR"]
[BlackTeamCountry "CZE"]

1. e4 c6 2. d4 d5 3. exd5 cxd5 4. Bd3 Nc6 5. c3 Qc7 6. h3 g6 7. Nf3 Bf5 8. Be3
e6 9. O-O h5 10. Re1 Nf6 11. Ne5 Bd6 12. Bb5 Nd7 13. Nxd7 Qxd7 14. Bg5 Be7 15.
Bxe7 Qxe7 16. Nd2 g5 17. Qa4 Qd6 18. Re3 O-O 19. Bxc6 bxc6 20. Qd1 Bg6 21. Qe2
Rfe8 22. Re1 Rab8 23. b4 a5 24. a3 axb4 25. axb4 Ra8 26. Nf3 f6 27. Rxe6 Rxe6
28. Qxe6+ Qxe6 29. Rxe6 Kf7 30. Rxc6 Ra1+ 31. Kh2 Ra2 32. c4 dxc4 33. Rxc4 Be4
34. Kg1 Ra1+ 35. Kh2 Ra2 36. Kg1 Rb2 37. Rc1 Rxb4 38. Rd1 Ke6 39. Nh2 Bc2 40.
Re1+ Kf7 41. Rc1 Ba4 42. Nf3 Ke6 43. h4 g4 44. Nh2 f5 45. g3 Rxd4 1/2-1/2

[Event "44th Chess Olympiad Open 2022"]
[Site "Chennai"]
[Date "2022.07.29"]
[Round "1.18"]
[White "Rodriguez Santiago, Jaime"]
[Black "Nguyen, Thai Dai Van"]
[Result "0-1"]
[WhiteElo "2067"]
[BlackElo "2629"]
[Annotator "TA"]
[PlyCount "64"]
[EventDate "2022.07.29"]
[EventType "team-tourn"]
[EventCountry "IND"]
[SourceTitle "playchess.com"]
[Source "ChessBase"]
[SourceQuality "1"]
[WhiteTeam "Puerto Rico"]
[BlackTeam "Czech Republic"]
[WhiteTeamCountry "PUR"]
[BlackTeamCountry "CZE"]

1. c4 e5 2. Nc3 Nf6 3. Nf3 Nc6 4. e3 Be7 5. d4 exd4 6. exd4 d5 7. cxd5 Nxd5 8.
Bb5 O-O 9. Bxc6 bxc6 10. O-O Bg4 11. h3 Bh5 12. Re1 Bf6 13. Be3 Rb8 14. Na4 Re8
15. Rc1 Qd6 16. a3 Re7 17. g4 Nxe3 18. Rxe3 Rxe3 19. gxh5 Re7 20. h6 gxh6 21.
Qd2 Bg5 22. Nxg5 hxg5 23. Rc5 h6 24. d5 Rd8 25. Qc2 cxd5 26. Rc6 Qf4 27. Rxh6
Re1+ 28. Kg2 Qe4+ 29. Qxe4 dxe4 30. Nc3 Rd2 31. b4 e3 32. Ne4 f5 0-1

[Event "44th Chess Olympiad Open 2022"]
[Site "Chennai"]
[Date "2022.07.29"]
[Round "1.19"]
[White "Berkes, Ferenc"]
[Black "Alahakoon, Isuru"]
[Result "1-0"]
[WhiteElo "2649"]
[BlackElo "2000"]
[Annotator "TA"]
[PlyCount "91"]
[EventDate "2022.07.29"]
[EventType "team-tourn"]
[EventCountry "IND"]
[SourceTitle "playchess.com"]
[Source "ChessBase"]
[SourceQuality "1"]
[WhiteTeam "Hungary"]
[BlackTeam "Sri Lanka"]
[WhiteTeamCountry "HUN"]
[BlackTeamCountry "SRI"]

1. d4 d5 2. c4 e6 3. Nc3 Nf6 4. cxd5 exd5 5. Bg5 c6 6. e3 Bd6 7. Bd3 O-O 8.
Nge2 Re8 9. Qc2 h6 10. Bh4 a5 11. h3 Na6 12. a3 Nc7 13. O-O Ne6 14. Rae1 Ng5
15. f4 Nge4 16. Bxe4 dxe4 17. Nxe4 Bf5 18. Bxf6 Bxe4 19. Qxe4 Qxf6 20. Qf3 Qe6
21. Ng3 Qd5 22. Qxd5 cxd5 23. Kf2 g6 24. Ne2 a4 25. Nc3 Ra5 26. Ke2 f5 27. Kd3
Kf7 28. g4 Be7 29. Re2 Rd8 30. Rg1 Rd6 31. gxf5 gxf5 32. Reg2 Bf8 33. h4 Rb6
34. Kc2 Re6 35. Rg3 Re8 36. h5 Re6 37. R1g2 Re8 38. Kd3 Rd8 39. Rg6 Rd7 40. Rb6
Be7 41. Rxh6 Bf6 42. Rh7+ Ke6 43. Rxd7 Kxd7 44. h6 Ra6 45. h7 Rb6 46. Rg6 1-0

[Event "44th Chess Olympiad Open 2022"]
[Site "Chennai"]
[Date "2022.07.29"]
[Round "1.19"]
[White "Kantor, Gergely"]
[Black "De Silva, L M S T."]
[Result "1/2-1/2"]
[WhiteElo "2582"]
[BlackElo "2212"]
[Annotator "TA"]
[PlyCount "62"]
[EventDate "2022.07.29"]
[EventType "team-tourn"]
[EventCountry "IND"]
[SourceTitle "playchess.com"]
[Source "ChessBase"]
[SourceQuality "1"]
[WhiteTeam "Hungary"]
[BlackTeam "Sri Lanka"]
[WhiteTeamCountry "HUN"]
[BlackTeamCountry "SRI"]

1. d4 Nf6 2. c4 e6 3. Nf3 d5 4. Nc3 Bb4 5. Qa4+ Nc6 6. e3 dxc4 7. Bxc4 O-O 8.
O-O Bd6 9. Rd1 Bd7 10. Qc2 e5 11. dxe5 Nxe5 12. Nxe5 Bxe5 13. e4 Qe7 14. Bg5
Bc6 15. Re1 Qc5 16. Nd5 Nxd5 17. exd5 Bxd5 18. Rxe5 Qxc4 19. Qxc4 Bxc4 20. Rc5
Be6 21. Rxc7 f6 22. Be3 Rf7 23. Rc3 Rd7 24. h3 Bd5 25. Rd1 Bc6 26. Rxd7 Bxd7
27. Rc7 Bc6 28. g4 h6 29. f4 a6 30. Kf2 Rf8 31. a3 Rf7 1/2-1/2

[Event "44th Chess Olympiad Open 2022"]
[Site "Chennai"]
[Date "2022.07.29"]
[Round "1.19"]
[White "Liyanage, Ranindu Dilshan"]
[Black "Banusz, Tamas"]
[Result "1/2-1/2"]
[WhiteElo "2286"]
[BlackElo "2611"]
[Annotator "TA"]
[PlyCount "88"]
[EventDate "2022.07.29"]
[EventType "team-tourn"]
[EventCountry "IND"]
[SourceTitle "playchess.com"]
[Source "ChessBase"]
[SourceQuality "1"]
[WhiteTeam "Sri Lanka"]
[BlackTeam "Hungary"]
[WhiteTeamCountry "SRI"]
[BlackTeamCountry "HUN"]

1. e4 c5 2. Nf3 Nc6 3. Bb5 g6 4. O-O Bg7 5. Re1 Nf6 6. c3 O-O 7. d4 d5 8. e5
Ne4 9. Bxc6 bxc6 10. Be3 Rb8 11. Qc1 cxd4 12. cxd4 Bf5 13. Nc3 f6 14. exf6 exf6
15. Bf4 Rc8 16. Nd2 g5 17. Ncxe4 dxe4 18. Qc4+ Kh8 19. Bg3 Bg6 20. Qc5 Rf7 21.
Rad1 Bf8 22. Qc3 Qd5 23. Nc4 Rb7 24. a3 Bf7 25. Nd2 Re8 26. b4 Rd7 27. Nf1 Red8
28. Ne3 Qe6 29. Rc1 Rxd4 30. Qxc6 Kg8 31. h4 h6 32. Qxe6 Bxe6 33. Nc2 Rc4 34.
Ne3 Rxc1 35. Rxc1 f5 36. hxg5 hxg5 37. Be5 f4 38. Bf6 Rd3 39. Nc2 g4 40. Nd4
Bd5 41. Ne2 Bh6 42. Be5 f3 43. Nf4 Rd2 44. gxf3 gxf3 1/2-1/2

[Event "44th Chess Olympiad Open 2022"]
[Site "Chennai"]
[Date "2022.07.29"]
[Round "1.20"]
[White "Lupulescu, Constantin"]
[Black "Rongwane, Gomolemo"]
[Result "1-0"]
[WhiteElo "2628"]
[BlackElo "2033"]
[Annotator "TA"]
[PlyCount "114"]
[EventDate "2022.07.29"]
[EventType "team-tourn"]
[EventCountry "IND"]
[SourceTitle "playchess.com"]
[Source "ChessBase"]
[SourceQuality "1"]
[WhiteTeam "Romania"]
[BlackTeam "Botswana"]
[WhiteTeamCountry "ROU"]
[BlackTeamCountry "BOT"]

1. c4 e5 2. Nc3 d6 3. Nf3 Nd7 4. d4 Ngf6 5. e4 Be7 6. Be2 O-O 7. O-O c6 8. Qc2
a5 9. Be3 Qc7 10. Rac1 Re8 11. Nd2 Nf8 12. d5 c5 13. f3 Ng6 14. g3 Bh3 15. Rf2
h5 16. Bf1 Qd7 17. Bxh3 Qxh3 18. Nf1 Nh7 19. Bd2 Ngf8 20. Nb5 Qd7 21. Ne3 g6
22. h4 Qd8 23. Kf1 Nd7 24. Ke2 Nb8 25. Rg1 Na6 26. Rh2 Nc7 27. Nxc7 Qxc7 28. g4
Nf6 29. Nd1 hxg4 30. fxg4 Qd7 31. Ne3 b5 32. h5 bxc4 33. hxg6 fxg6 34. Nxc4 Bf8
35. Kd1 Reb8 36. Kc1 Ne8 37. Qd3 Qb5 38. Kb1 Bg7 39. Bh6 Nf6 40. Bg5 Rf8 41.
Qc2 Qa6 42. a4 Rf7 43. Bd2 Raf8 44. Nxa5 Ra8 45. b3 Qb6 46. Nc4 Qb8 47. Ka2 Nd7
48. Bh6 Rf3 49. Bxg7 Kxg7 50. Rf2 Rf8 51. Rgf1 Qc7 52. Rxf8 Nxf8 53. Qh2 Qd7
54. Rh1 Qe7 55. Qh8+ Kf7 56. Rf1+ Ke8 57. Qg8 Rb8 1-0

[Event "44th Chess Olympiad Open 2022"]
[Site "Chennai"]
[Date "2022.07.29"]
[Round "1.20"]
[White "Gavrilescu, David"]
[Black "Monnaatsheko, Keletshabile"]
[Result "1-0"]
[WhiteElo "2525"]
[BlackElo "2014"]
[Annotator "TA"]
[PlyCount "114"]
[EventDate "2022.07.29"]
[EventType "team-tourn"]
[EventCountry "IND"]
[SourceTitle "playchess.com"]
[Source "ChessBase"]
[SourceQuality "1"]
[WhiteTeam "Romania"]
[BlackTeam "Botswana"]
[WhiteTeamCountry "ROU"]
[BlackTeamCountry "BOT"]

1. e4 e6 2. d4 d5 3. e5 Bd7 4. Nf3 a6 5. c3 Ne7 6. Bd3 Bb5 7. Bc2 Nf5 8. a4 Bd7
9. O-O Be7 10. g4 Nh4 11. Nxh4 Bxh4 12. f4 Be7 13. b4 a5 14. b5 c6 15. Bd3 Bc8
16. f5 Nd7 17. Qf3 Nb6 18. f6 gxf6 19. exf6 Bd6 20. Bh6 Kd7 21. Nd2 c5 22. dxc5
Bxc5+ 23. Kh1 e5 24. Qf5+ Kc7 25. Qxe5+ Bd6 26. Qd4 Be6 27. Nf3 Nd7 28. Bf4
Bxf4 29. Qxf4+ Kb6 30. Bf5 Qxf6 31. Qd6+ Ka7 32. b6+ Nxb6 33. Nd4 Qd8 34. Nb5+
Ka6 35. Nc7+ Ka7 36. Qc5 Kb8 37. Nxa8 Nxa8 38. Bxe6 fxe6 39. Rf7 Qb6 40. Qxb6
Nxb6 41. Rb1 Ka7 42. Re7 Rc8 43. Rb5 Rxc3 44. Rxa5+ Kb8 45. Rb5 Nxa4 46. Rbxb7+
Kc8 47. Rxh7 d4 48. Rbe7 Kb8 49. Rh8+ Rc8 50. Rxc8+ Kxc8 51. Rxe6 d3 52. Rd6
Nb2 53. g5 Kc7 54. Rd4 Kc6 55. g6 Kc5 56. Rxd3 Nxd3 57. g7 Kd5 1-0

[Event "44th Chess Olympiad Open 2022"]
[Site "Chennai"]
[Date "2022.07.29"]
[Round "1.20"]
[White "Sabure, Bojosi"]
[Black "Jianu, Vlad-Cristian"]
[Result "0-1"]
[WhiteElo "1966"]
[BlackElo "2511"]
[Annotator "TA"]
[PlyCount "70"]
[EventDate "2022.07.29"]
[EventType "team-tourn"]
[EventCountry "IND"]
[SourceTitle "playchess.com"]
[Source "ChessBase"]
[SourceQuality "1"]
[WhiteTeam "Botswana"]
[BlackTeam "Romania"]
[WhiteTeamCountry "BOT"]
[BlackTeamCountry "ROU"]

1. e4 d6 2. g3 g6 3. Bg2 Bg7 4. Nf3 Nf6 5. c3 O-O 6. Qc2 c5 7. O-O Nc6 8. d4
cxd4 9. Nxd4 Bd7 10. Nxc6 Bxc6 11. Nd2 Rc8 12. Re1 Qc7 13. Nb3 b6 14. a4 Ba8
15. h3 Nd7 16. Be3 Rb8 17. Rac1 Rfc8 18. Kh2 a6 19. f4 b5 20. axb5 axb5 21. f5
Ne5 22. fxg6 hxg6 23. Bd4 b4 24. Qd1 Qd7 25. Ra1 Qe6 26. Nc1 bxc3 27. Bxc3 Nc4
28. Bxg7 Kxg7 29. Qd4+ Qe5 30. Qxe5+ Nxe5 31. Re2 Bc6 32. Ra7 Bb5 33. Re1 Rc2
34. Kh1 Rbc8 35. Nb3 Rxg2 0-1

[Event "44th Chess Olympiad Open 2022"]
[Site "Chennai"]
[Date "2022.07.29"]
[Round "1.21"]
[White "Can, Emre"]
[Black "Garcia Cuestas, Kevin"]
[Result "1-0"]
[WhiteElo "2606"]
[BlackElo "1984"]
[Annotator "TA"]
[PlyCount "41"]
[EventDate "2022.07.29"]
[EventType "team-tourn"]
[EventCountry "IND"]
[SourceTitle "playchess.com"]
[Source "ChessBase"]
[SourceQuality "1"]
[WhiteTeam "Turkey"]
[BlackTeam "Honduras"]
[WhiteTeamCountry "TUR"]
[BlackTeamCountry "HON"]

1. e4 d6 2. d4 Nf6 3. Nc3 g6 4. Bg5 Bg7 5. Qd2 c6 6. Bh6 O-O 7. h4 Re8 8. Bxg7
Kxg7 9. h5 Nxh5 10. Be2 e5 11. Bxh5 gxh5 12. Rxh5 Qf6 13. Nge2 exd4 14. Nxd4
Re5 15. Rh2 Bf5 16. Nxf5+ Qxf5 17. Qh6+ Kg8 18. Rh3 Qg6 19. Rg3 Nd7 20. Rxg6+
fxg6 21. O-O-O 1-0

[Event "44th Chess Olympiad Open 2022"]
[Site "Chennai"]
[Date "2022.07.29"]
[Round "1.21"]
[White "Ali Marandi, Cemil Can"]
[Black "Chahin Godoy, Angel Eduardo"]
[Result "1-0"]
[WhiteElo "2561"]
[BlackElo "1844"]
[Annotator "TA"]
[PlyCount "81"]
[EventDate "2022.07.29"]
[EventType "team-tourn"]
[EventCountry "IND"]
[SourceTitle "playchess.com"]
[Source "ChessBase"]
[SourceQuality "1"]
[WhiteTeam "Turkey"]
[BlackTeam "Honduras"]
[WhiteTeamCountry "TUR"]
[BlackTeamCountry "HON"]

1. d4 Nf6 2. Bf4 d5 3. e3 e6 4. Nd2 c5 5. c3 Bd6 6. Bxd6 Qxd6 7. f4 cxd4 8.
cxd4 Ne4 9. Bd3 f5 10. Ngf3 O-O 11. O-O Nc6 12. Ne5 Nxe5 13. fxe5 Qb4 14. Bxe4
dxe4 15. a3 Qb5 16. Rc1 Bd7 17. Nc4 Bc6 18. b4 Bd5 19. Nd6 Qd7 20. Rc3 Qe7 21.
Qh5 Rad8 22. Rfc1 Rxd6 23. exd6 Qxd6 24. Rc8 Bc6 25. Rxf8+ Qxf8 26. Qh4 Qd6 27.
Rc5 h6 28. b5 Bd5 29. Qh5 b6 30. Rc3 Kh7 31. Qf7 Qd8 32. Qc7 Qh4 33. Qg3 Qh5
34. h3 Qg5 35. Qxg5 hxg5 36. Rc7 f4 37. Kf2 Kg6 38. Rxa7 Bc4 39. a4 Bb3 40. a5
bxa5 41. b6 1-0

[Event "44th Chess Olympiad Open 2022"]
[Site "Chennai"]
[Date "2022.07.29"]
[Round "1.21"]
[White "Chinchilla, Alejandro Jose"]
[Black "Yilmaz, Mustafa"]
[Result "0-1"]
[WhiteElo "2166"]
[BlackElo "2634"]
[Annotator "TA"]
[PlyCount "62"]
[EventDate "2022.07.29"]
[EventType "team-tourn"]
[EventCountry "IND"]
[SourceTitle "playchess.com"]
[Source "ChessBase"]
[SourceQuality "1"]
[WhiteTeam "Honduras"]
[BlackTeam "Turkey"]
[WhiteTeamCountry "HON"]
[BlackTeamCountry "TUR"]

1. e4 c5 2. Nf3 d6 3. d4 cxd4 4. Nxd4 Nf6 5. Nc3 a6 6. Be3 e5 7. Nf3 Be7 8. Bc4
Be6 9. Bb3 Nbd7 10. Bxe6 fxe6 11. Ng5 Nf8 12. Qf3 h6 13. Qh3 Qd7 14. O-O Rg8
15. Nf3 g5 16. Qxh6 Rg6 17. Qh8 O-O-O 18. Nxe5 dxe5 19. Rad1 Qc6 20. Rxd8+ Kxd8
21. a4 Rg8 22. Rd1+ Ke8 23. Qh6 Nxe4 24. Qh5+ Rg6 25. Rd3 Nf6 26. Qd1 Kf7 27.
Bd2 N8d7 28. Rg3 g4 29. Qe2 Bd6 30. h3 e4 31. Re3 Bf4 0-1

[Event "44th Chess Olympiad Open 2022"]
[Site "Chennai"]
[Date "2022.07.29"]
[Round "1.21"]
[White "Gavarrete, Joel"]
[Black "Sanal, Vahap"]
[Result "0-1"]
[WhiteElo "2035"]
[BlackElo "2574"]
[Annotator "TA"]
[PlyCount "106"]
[EventDate "2022.07.29"]
[EventType "team-tourn"]
[EventCountry "IND"]
[SourceTitle "playchess.com"]
[Source "ChessBase"]
[SourceQuality "1"]
[WhiteTeam "Honduras"]
[BlackTeam "Turkey"]
[WhiteTeamCountry "HON"]
[BlackTeamCountry "TUR"]

1. Nf3 d5 2. b3 Bf5 3. Bb2 e6 4. e3 Nf6 5. Be2 h6 6. O-O Be7 7. d3 O-O 8. Nbd2
Nbd7 9. Re1 a5 10. a4 Bh7 11. Bf1 Re8 12. e4 dxe4 13. Nxe4 Nxe4 14. dxe4 Nc5
15. Bd3 Nxd3 16. Qxd3 Qxd3 17. cxd3 Red8 18. Red1 f6 19. Kf1 Rd7 20. Bc3 Kf8
21. Ke2 b6 22. Nd2 Rad8 23. Nc4 e5 24. f3 Bg8 25. Bb2 Be6 26. Ba3 Bxa3 27. Rxa3
h5 28. Raa1 h4 29. Rac1 Ke7 30. Rc3 Rb8 31. Rdc1 g6 32. Ke3 Re8 33. Nd2 Kd8 34.
Rc6 Rf7 35. h3 Bc8 36. R6c3 Bb7 37. R1c2 Rd7 38. Ke2 Kc8 39. Nc4 Kb8 40. Ke3
Red8 41. Rc1 Ba6 42. R1c2 Rd4 43. Nb2 R8d7 44. Nc4 g5 45. Rd2 Rd8 46. Rdc2 c6
47. Nxb6 Rxd3+ 48. Kf2 Rxc3 49. Rxc3 Kb7 50. Nc4 Bxc4 51. Rxc4 Rd2+ 52. Kf1 Rd3
53. b4 Rd4 0-1

[Event "44th Chess Olympiad Open 2022"]
[Site "Chennai"]
[Date "2022.07.29"]
[Round "1.22"]
[White "Rodshtein, Maxim"]
[Black "Rurik Capella"]
[Result "1-0"]
[WhiteElo "2596"]
[BlackElo "1952"]
[Annotator "TA"]
[PlyCount "89"]
[EventDate "2022.07.29"]
[EventType "team-tourn"]
[EventCountry "IND"]
[SourceTitle "playchess.com"]
[Source "ChessBase"]
[SourceQuality "1"]
[WhiteTeam "Israel"]
[BlackTeam "Netherlands Antilles"]
[WhiteTeamCountry "ISR"]
[BlackTeamCountry "AHO"]

1. d4 Nf6 2. c4 c5 3. d5 e6 4. Nc3 exd5 5. cxd5 d6 6. Nf3 g6 7. Bf4 Bg7 8. Qa4+
Bd7 9. Qb3 Qc7 10. e4 Nh5 11. Be3 O-O 12. Nd2 a6 13. a4 f5 14. exf5 gxf5 15.
Be2 Be8 16. Nc4 Nd7 17. Qd1 Nhf6 18. Bf4 Ne5 19. Bxe5 dxe5 20. d6 Qd8 21. Nxe5
Kh8 22. f4 Ne4 23. Nxe4 Bxe5 24. fxe5 fxe4 25. Qd2 Qh4+ 26. g3 Qh3 27. Qc3 Qg2
28. e6+ Kg8 29. Rf1 Bh5 30. Qd2 Bxe2 31. Qxe2 Rxf1+ 32. Qxf1 Qxb2 33. Qf7+ Kh8
34. Rd1 Qxh2 35. Qf6+ Kg8 36. Qf7+ Kh8 37. e7 Qxg3+ 38. Ke2 Qh2+ 39. Qf2 Qh5+
40. Ke3 Qh6+ 41. Qf4 Qg7 42. Kxe4 Qg2+ 43. Kd3 c4+ 44. Kc3 Qh3+ 45. Kd4 1-0

[Event "44th Chess Olympiad Open 2022"]
[Site "Chennai"]
[Date "2022.07.29"]
[Round "1.22"]
[White "Boruchovsky, Avital"]
[Black "Willem Blijstra"]
[Result "1-0"]
[WhiteElo "2551"]
[BlackElo "2198"]
[Annotator "TA"]
[PlyCount "49"]
[EventDate "2022.07.29"]
[EventType "team-tourn"]
[EventCountry "IND"]
[SourceTitle "playchess.com"]
[Source "ChessBase"]
[SourceQuality "1"]
[WhiteTeam "Israel"]
[BlackTeam "Netherlands Antilles"]
[WhiteTeamCountry "ISR"]
[BlackTeamCountry "AHO"]

1. e4 c5 2. Nf3 d6 3. Bb5+ Nd7 4. Ba4 Ngf6 5. O-O a6 6. c4 e5 7. Nc3 Be7 8. Ne1
O-O 9. d3 Nb8 10. Nc2 Nc6 11. a3 Nd4 12. Nxd4 cxd4 13. Ne2 Ne8 14. Ng3 g6 15.
f4 f5 16. exf5 gxf5 17. Qe2 Bf6 18. fxe5 Bxe5 19. Bf4 Bf6 20. Nh5 Ng7 21. Nxf6+
Qxf6 22. Rae1 Rf7 23. c5 Be6 24. Bxd6 Bd5 25. Qe5 1-0

[Event "44th Chess Olympiad Open 2022"]
[Site "Chennai"]
[Date "2022.07.29"]
[Round "1.22"]
[White "Ursus van Bemmelen"]
[Black "Nabaty, Tamir"]
[Result "0-1"]
[WhiteElo "2145"]
[BlackElo "2631"]
[Annotator "TA"]
[PlyCount "64"]
[EventDate "2022.07.29"]
[EventType "team-tourn"]
[EventCountry "IND"]
[SourceTitle "playchess.com"]
[Source "ChessBase"]
[SourceQuality "1"]
[WhiteTeam "Netherlands Antilles"]
[BlackTeam "Israel"]
[WhiteTeamCountry "AHO"]
[BlackTeamCountry "ISR"]

1. Nf3 d5 2. g3 Nd7 3. d4 g6 4. Bg2 Bg7 5. O-O Ngf6 6. b3 c5 7. e3 O-O 8. Bb2
Qc7 9. Qe2 b6 10. Na3 Bb7 11. c4 Rac8 12. Rac1 Qb8 13. Rfd1 Rfd8 14. Bh3 e6 15.
cxd5 Bxd5 16. Bg2 cxd4 17. Bxd4 Rxc1 18. Rxc1 e5 19. Bb2 e4 20. Ne1 Nc5 21. Rd1
Bb7 22. Nc4 Ba6 23. Rxd8+ Qxd8 24. Qd2 Qd5 25. Bxf6 Bxc4 26. Qxd5 Bxd5 27. Bxg7
Kxg7 28. Bf1 a5 29. Bb5 Nxb3 30. axb3 Bxb3 31. Kf1 a4 32. Bxa4 Bxa4 0-1

[Event "44th Chess Olympiad Open 2022"]
[Site "Chennai"]
[Date "2022.07.29"]
[Round "1.23"]
[White "Markus, Robert"]
[Black "Pace, Colin"]
[Result "1-0"]
[WhiteElo "2616"]
[BlackElo "2159"]
[Annotator "TA"]
[PlyCount "73"]
[EventDate "2022.07.29"]
[EventType "team-tourn"]
[EventCountry "IND"]
[SourceTitle "playchess.com"]
[Source "ChessBase"]
[SourceQuality "1"]
[WhiteTeam "Serbia"]
[BlackTeam "Malta"]
[WhiteTeamCountry "SRB"]
[BlackTeamCountry "MLT"]

1. d4 f5 2. Bg5 h6 3. Bh4 g5 4. e3 Nf6 5. Bg3 d6 6. Nc3 e6 7. h4 Rg8 8. hxg5
hxg5 9. Qd2 Bd7 10. O-O-O Qe7 11. f3 Nc6 12. e4 f4 13. Bf2 a6 14. Nge2 Bg7 15.
g3 fxg3 16. Nxg3 Bh8 17. Be3 O-O-O 18. Bc4 Qf7 19. Nf5 Rg6 20. Ng3 Rgg8 21. Bb3
Qg6 22. Nce2 Rdf8 23. c4 g4 24. f4 Nxe4 25. Nxe4 Qxe4 26. Bc2 Qf3 27. Rdf1 Qg2
28. Rfg1 Qf3 29. Ng3 Bxd4 30. Bxd4 Rxf4 31. Bc3 Rxc4 32. Nh5 g3 33. Qd3 Qd5 34.
Nf6 Qg5+ 35. Kb1 g2 36. Rh5 Rxc3 37. Rxg5 1-0

[Event "44th Chess Olympiad Open 2022"]
[Site "Chennai"]
[Date "2022.07.29"]
[Round "1.23"]
[White "Perunovic, Milos"]
[Black "Mizzi, Jack"]
[Result "1-0"]
[WhiteElo "2539"]
[BlackElo "1913"]
[Annotator "TA"]
[PlyCount "106"]
[EventDate "2022.07.29"]
[EventType "team-tourn"]
[EventCountry "IND"]
[SourceTitle "playchess.com"]
[Source "ChessBase"]
[SourceQuality "1"]
[WhiteTeam "Serbia"]
[BlackTeam "Malta"]
[WhiteTeamCountry "SRB"]
[BlackTeamCountry "MLT"]

1. e4 c6 2. d4 d5 3. e5 c5 4. Nf3 cxd4 5. Nxd4 e6 6. Nd2 Nc6 7. Nxc6 bxc6 8.
Bd3 Qc7 9. Nf3 Ne7 10. O-O Ng6 11. Re1 Be7 12. c3 Bb7 13. Qa4 a5 14. h4 Bc5 15.
Qg4 Qb6 16. Nd4 Bxd4 17. cxd4 Qb4 18. Be3 O-O-O 19. a3 Qb3 20. Red1 c5 21. h5
Ne7 22. dxc5 d4 23. Bg5 f6 24. Bf4 f5 25. Qe2 Qd5 26. f3 Nc6 27. Bc4 Qxc5 28.
Bxe6+ Kb8 29. Qc4 Qb6 30. Rd3 Ba6 31. Qb3 Qxb3 32. Rxb3+ Ka7 33. a4 Nb4 34. Rc1
Kb6 35. Bd2 Rhe8 36. Bxf5 Rxe5 37. Be4 Rc5 38. Rxc5 Kxc5 39. Ra3 Re8 40. Ra1 d3
41. Rc1+ Nc2 42. Bxa5 Rb8 43. Bc3 Nd4 44. Bd2+ Nc2 45. b4+ Kd4 46. b5 Bb7 47.
Bxb7 Rxb7 48. Rb1 Na3 49. Rb4+ Nc4 50. a5 Kc5 51. a6 Re7 52. Rxc4+ Kxc4 53. b6
Kd5 1-0

[Event "44th Chess Olympiad Open 2022"]
[Site "Chennai"]
[Date "2022.07.29"]
[Round "1.23"]
[White "Darmanin, Jake"]
[Black "Ivic, Velimir"]
[Result "0-1"]
[WhiteElo "2101"]
[BlackElo "2581"]
[Annotator "TA"]
[PlyCount "84"]
[EventDate "2022.07.29"]
[EventType "team-tourn"]
[EventCountry "IND"]
[SourceTitle "playchess.com"]
[Source "ChessBase"]
[SourceQuality "1"]
[WhiteTeam "Malta"]
[BlackTeam "Serbia"]
[WhiteTeamCountry "MLT"]
[BlackTeamCountry "SRB"]

1. e4 c5 2. c3 d5 3. exd5 Nf6 4. d4 cxd4 5. Bb5+ Bd7 6. Bxd7+ Qxd7 7. Qxd4 Qxd5
8. Qxd5 Nxd5 9. Nf3 Nc6 10. O-O e5 11. Nbd2 O-O-O 12. Nc4 f6 13. a4 e4 14. Nfd2
f5 15. Nb3 Be7 16. f3 exf3 17. Rxf3 g6 18. Bd2 Rhe8 19. Re1 Nf6 20. Be3 Bf8 21.
Rff1 Re4 22. Nbd2 Rxd2 23. Nxd2 Rxe3 24. Rxe3 Bc5 25. Nc4 Ng4 26. h3 Nxe3 27.
Nxe3 Bxe3+ 28. Kh1 Kd7 29. Rd1+ Ke6 30. b4 a6 31. b5 axb5 32. axb5 Ne5 33. Rd8
b6 34. g3 h5 35. Kg2 g5 36. Rh8 f4 37. gxf4 gxf4 38. Re8+ Kf5 39. Kf1 f3 40.
Rf8+ Ke4 41. Rc8 Kd3 42. Re8 Nc4 0-1

[Event "44th Chess Olympiad Open 2022"]
[Site "Chennai"]
[Date "2022.07.29"]
[Round "1.23"]
[White "Vella, Duncan"]
[Black "Ivanisevic, Ivan"]
[Result "0-1"]
[WhiteElo "1985"]
[BlackElo "2561"]
[Annotator "TA"]
[PlyCount "68"]
[EventDate "2022.07.29"]
[EventType "team-tourn"]
[EventCountry "IND"]
[SourceTitle "playchess.com"]
[Source "ChessBase"]
[SourceQuality "1"]
[WhiteTeam "Malta"]
[BlackTeam "Serbia"]
[WhiteTeamCountry "MLT"]
[BlackTeamCountry "SRB"]

1. e4 e5 2. Nf3 Nc6 3. d4 exd4 4. Nxd4 Bc5 5. Nb3 Bb6 6. Nc3 a5 7. a4 Nb4 8.
Nd5 Nxd5 9. exd5 Qf6 10. Qe2+ Ne7 11. g3 d6 12. Bg2 Bg4 13. f3 Bd7 14. Be3 Bxe3
15. Qxe3 O-O 16. Qd2 Qxb2 17. O-O Qf6 18. Rfe1 b6 19. c4 Nf5 20. Qf2 Rfe8 21.
Re4 Qc3 22. Qa2 Ne3 23. Nd2 f5 24. Rxe8+ Rxe8 25. Re1 Qc2 26. Qxc2 Nxc2 27.
Rxe8+ Bxe8 28. Bh3 g6 29. g4 Bxa4 30. gxf5 Bd7 31. Ne4 Bxf5 32. Nf6+ Kf7 33.
Bxf5 gxf5 34. Nxh7 a4 0-1

[Event "44th Chess Olympiad Open 2022"]
[Site "Chennai"]
[Date "2022.07.29"]
[Round "1.24"]
[White "Mchedlishvili, Mikheil"]
[Black "Mwale, Joseph"]
[Result "1-0"]
[WhiteElo "2593"]
[BlackElo "2131"]
[Annotator "TA"]
[PlyCount "127"]
[EventDate "2022.07.29"]
[EventType "team-tourn"]
[EventCountry "IND"]
[SourceTitle "playchess.com"]
[Source "ChessBase"]
[SourceQuality "1"]
[WhiteTeam "Georgia"]
[BlackTeam "MAW"]
[WhiteTeamCountry "GEO"]

1. d4 Nf6 2. c4 e6 3. Nc3 Bb4 4. Qc2 c5 5. dxc5 Bxc5 6. Nf3 Nc6 7. Bf4 d5 8. e3
O-O 9. a3 b6 10. Rd1 Bb7 11. Be2 h6 12. cxd5 exd5 13. O-O Qd7 14. Bg3 Rfd8 15.
Bh4 g5 16. Bg3 Qe6 17. b4 Bd6 18. Bxd6 Rxd6 19. Nb5 Rd7 20. Nfd4 Nxd4 21. Nxd4
Qe5 22. Qb3 Re7 23. Qb2 Rc8 24. Kh1 g4 25. Bd3 Ne4 26. f3 Nd6 27. Qf2 g3 28.
hxg3 Qxe3 29. Qb2 Qe5 30. g4 Qf6 31. Qd2 Rce8 32. Qf2 Qg5 33. Qg3 Rd8 34. Rfe1
Rxe1+ 35. Rxe1 Re8 36. Rxe8+ Nxe8 37. Nf5 Bc8 38. Qe5 Be6 39. f4 Qf6 40. Qxf6
Nxf6 41. Nxh6+ Kf8 42. g5 Nh5 43. g3 Nxg3+ 44. Kg2 Nh5 45. Kf3 Ke7 46. f5 Bd7
47. f6+ Nxf6 48. gxf6+ Kxf6 49. Kf4 Bc6 50. Nf5 Be8 51. Nd4 Bd7 52. Bf1 Be8 53.
Bg2 Ke7 54. Ke5 Kd7 55. Kxd5 Kc7 56. Bh3 f6 57. Ne6+ Kb7 58. Bf1 Bf7 59. Kd6
Bh5 60. Nd4 a5 61. b5 Be8 62. Bg2+ Kb8 63. Nc6+ Kb7 64. Nxa5+ 1-0